Pro Wrestling Initials Quiz - Statistics

General Stats
  • This quiz has been taken 216 times
    178 since last reset
  • The average score is 13 of 17
Answer Stats
Clue Initials Answer % Correct
This stable started in WCW when Kevin Nash and Scott Hall invaded in the late 90's. nWo new World order
99%
Former world champion in ECW and WWE who got his ring name for an uncanny resemblance to a 90's martial arts action movie star. RVD Rob Van Dam
99%
The current #2 promotion in the USA. Run by the Khan family, who made an instant household name. AEW All Elite Wrestling
94%
Paul Heyman's pride and joy in the 90's that began a counter-culture revolution in pro wrestling. ECW Extreme/Eastern Championship Wrestling
94%
Without a doubt the most high profile wrestling promotion in Japan today. NJPW New Japan Pro Wrestling
94%
A top promotion in the USA for the last twenty years, it was here that the careers of Daniel Bryan, Samoa Joe and CM Punk were launched. RoH Ring of Honor
92%
One of the biggest stars in the late 90's for WCW, where he was a three time world champion. Known for his yoga nowadays. DDP Diamond Dallas Page
90%
Started by the Jarretts in Nashville and later moved to Universal Studios, it was #2 for a long time in America after WCW folded. TNA Total Non-stop Action
87%
This Kentucky-based promotion was the development league for WWE from 2000-2008 and briefly for TNA in the 2010's. OVW Ohio Valley Wrestling
82%
This promotion technically still exists: it's now known as NXT. FCW Florida Championship Wrestling
78%
Back when Vince McMahon Sr ran what is now WWE and before his son made it WWF, it had an extra letter. WWWF World Wide Wrestling Federation
77%
Still running shows today, this promotion was founded by wrestling legend Giant Baba. AJPW All Japan Pro Wrestling
73%
This wrestling promotion run by Verne Gagne was one of the most prominent groups of the "Territory Era" of wrestling. AWA American Wrestling Association
61%
From '91 to '95 Jim Cornette held events for this promotion throughout the Appalachians. SMW Smoky Mountain Wrestling
61%
The Von Erich family were the driving force both in the ring and behind the scenes in this Texas-based promotion. WCCW World Class Championship Wrestling
57%
Made a name for himself in late 2000's WWE. Held their U.S. title. Left to journey around the top promotions around the world. MVP Montel Vontavious Porter
55%
These initials could refer to Bill Watts' promotion in the early 80's, Herb Abrams' in the 90's, or the mid-80's Japanese promotion. UWF Universal Wrestling Federation
39%
No matching quizzes found
Score Distribution
Percent of People with Each Score
Percentile by Number Answered
Your Score History
You have not taken this quiz since the last reset